Five Biggest Countries by Official Language - Statistics

General Stats
  • This quiz has been taken 2,941 times
  • The average score is 20 of 27
Answer Stats
Language Country % Correct
Portugese Brazil
95%
German Germany
92%
English, French Canada
90%
Spanish Argentina
87%
Arabic Saudi Arabia
87%
Portugese Portugal
85%
German Austria
82%
Spanish Colombia
81%
Arabic Algeria
80%
German Switzerland
80%
Spanish Peru
78%
Spanish Venezuela
76%
Spanish Bolivia
72%
English India
72%
Arabic Libya
71%
French D.R. Congo
70%
French Niger
70%
English, Arabic Sudan
69%
Portugese Angola
68%
German Belgium
67%
English South Africa
65%
French, Arabic Chad
64%
German Luxembourg
63%
French Mali
62%
Portugese Mozambique
61%
English Tanzania
41%
Portugese Guinea-Bissau
31%
No matching quizzes found
Score Distribution
Percent of People with Each Score
Percentile by Number Answered
Your Score History
You have not taken this quiz